[Event "Chigorin Memorial 24th"]
[Site "St Petersburg"]
[Date "2016.10.19"]
[Round "5"]
[White "Terekhov, Dmitriy"]
[Black "Petrov, Maksim"]
[Result "1-0"]
[WhiteElo "1844"]
[BlackElo "1367"]
[PlyCount "65"]
[EventDate "2016.10.15"]
[EventType "swiss"]
[EventRounds "9"]
[EventCountry "RUS"]
[SourceTitle "CBM 175 Extra"]
[Source "ChessBase"]
[SourceDate "2016.12.12"]
[SourceVersion "1"]
[SourceVersionDate "2016.12.12"]
[SourceQuality "1"]

1. Nf3 d5 2. g3 e6 3. Bg2 Nf6 4. 0-0 Be7 5. d3 c5 6. Nbd2 0-0 7. e4 Nc6 8. Re1 Qc7 9. e5 Nd7 10. Qe2 b6 11. Nf1 Re8 12. h4 g6 13. Bf4 Bf8 14. N1h2 Bg7 15. Ng4 Kf8 16. Ng5 Kg8 17. Nf6+ Bxf6 18. exf6 Qd8 19. Bxd5 Bb7 20. Bg2 Qxf6 21. Ne4 Qe7 22. c3 e5 23. Bg5 f6 24. Be3 Rad8 25. h5 gxh5 26. Qxh5 Nf8 27. Rad1 Qf7 28. Qh4 Re7 29. Nxf6+ Kh8 30. Ng4 Ng6 31. Qh5 Red7 32. Bg5 Nce7 33. Bf6+ 1-0

[Event "Chigorin Memorial 24th"]
[Site "St Petersburg"]
[Date "2016.10.17"]
[Round "3"]
[White "Terekhov, Dmitriy"]
[Black "Makeev, Konstantin"]
[Result "1-0"]
[WhiteElo "1844"]
[BlackElo "1525"]
[PlyCount "103"]
[EventDate "2016.10.15"]
[EventType "swiss"]
[EventRounds "9"]
[EventCountry "RUS"]
[SourceTitle "CBM 175 Extra"]
[Source "ChessBase"]
[SourceDate "2016.12.12"]
[SourceVersion "1"]
[SourceVersionDate "2016.12.12"]
[SourceQuality "1"]

1. d4 Nf6 2. c4 g6 3. Nc3 Bg7 4. e4 d6 5. f3 Nc6 6. Be3 e5 7. d5 Ne7 8. Bd3 a6 9. Nge2 Bd7 10. Qd2 Qb8 11. 0-0 0-0 12. Bh6 Qc8 13. Bxg7 Kxg7 14. f4 h6 15. fxe5 dxe5 16. Rxf6 Kxf6 17. Qxh6 Ng8 18. Rf1+ Ke7 19. Qg5+ f6 20. Qxg6 Qe8 21. Qg3 Qh5 22. Qe3 Nh6 23. Ng3 Qg6 24. Qc5+ Kf7 25. Qxc7 Rad8 26. Qxb7 Rg8 27. c5 Ng4 28. Rf3 Qh6 29. h3 Ne3 30. Bf1 Nc2 31. c6 Ne1 32. Kf2 Nxf3 33. gxf3 Rxg3 34. Kxg3 Qe3 35. Bg2 Qg1 36. Qxd7+ Rxd7 37. cxd7 Ke7 38. Ne2 Qb1 39. h4 Qxb2 40. Ng1 Qxa2 41. Bh3 Qb3 42. Be6 Qb8 43. f4 exf4+ 44. Kg4 a5 45. Nf3 a4 46. Nd4 Kd6 47. Nc6 Qc7 48. d8Q+ Qxd8 49. Nxd8 a3 50. Nf7+ Ke7 51. Kf5 f3 52. d6+ 1-0